1750 1411 1140 1610 1843 1523 1172 1735 1176 1501 1330 1536 1345 1608 1602 1490 1520 1331 1744 1454 1541 1329 1760 1355 1003 1937 1999 1626 1226 1511 1811 1180 1903 1992 1452 1231 1423 1707 1625 1117 1919 1963 1526 1260 1821 1581 1772 1964 1272 1320 1401 1718 1112 1005 1486 1364 1177 1321 1915 1455 1353 1368 1797 1799 1286 1793 1670 1511 1935 1518 1641 1826 1209 1521 1729 1860 1011 1206 1559 1876 1124 1532 1178 1576 1561 1535 1978 1019 1507 1311 1516 1317 1399 1335 1530 1802 1879 1448 1378 BCNSPRNW ULIB Ver.6.0+V

เปลี่ยนเป็นภาษาไทย

Change to English
 แสดงรายละเอียดบรรณานุกรม
  กลับหน้าหลัก

Brief Record : Get Marc (ISO 2709) : E-mail record : QR code < ปิดหน้าต่าง
LEADER : 00000nam 2200000uu 4500
001    13399124002
003     ULIB
008    141219s2556||||th 000 0 tha d
020    ^a9786167556178
060  4 ^aWA695^bน624ร
100 0  ^aนิภาพร จตุพรโภคา
245 00 ^aฉลาดซื้อ รวมผลทดสอบ 2013 :^bฉลาดเลือกใช้/^cบรรณาธิการต้นฉบับ นิภาพร จตุพรโภคา
250    ^aพิมพ์ครั้งแรก
260    ^aกรุงเทพฯ :^bพิมพ์ดี,^c2556
300    ^a126 หน้า :^bภาพประกอบ
650  7 ^aการคุ้มครองผู้บริโภค
650  7 ^aความปลอดภัยในผลิตภัณฑ์
650  7 ^aการเลือกซื้อสินค้า
650  7 ^aสินค้า^xการทดสอบ
650  7 ^aสินค้า^xการทดสอบ
700 0  ^aนิภาพร จตุพรโภคา,^eบรรณาธิการ
710 2  ^aมูลนิธิเพื่อผู้บริโภค
945    ^p100^l0^i037610
945    ^p100^l0^i037611
945    ^p100^l0^i037612
999    ^aเกษร โพธิ์สุวรรณ
รายการนี้ยังไม่มีแท็ก
คุณยังไม่ได้ล็อกอิน คุณสามารถมีกิจกรรมร่วมกับเว็บไซต์ได้ แต่ต้องล็อกอินก่อน ::
  ล็อกอิน

รายการสื่อสารสนเทศ

ลำดับที่ ประเภท เลขเรียก/บาร์โค้ด สถานที่ สถานะ
1. วิทยาศาสตร์การแพทย์ และสุขภาพ
หนังสือสำรอง
สถานะ=หนังสือสำรอง
WA695 น624ร ฉ.1 
  Barcode: 037610
ห้องสมุดวิทยาเขตสวรรค์ประชารักษ์
►ส่วนจัดเก็บหนังสือเก่า สปร
บนชั้น
  ขอยืม
2. วิทยาศาสตร์การแพทย์ และสุขภาพ
วิทยาศาสตร์การแพทย์ และสุขภาพ
WA695 น624ร ฉ.2 
  Barcode: 037611
ห้องสมุดวิทยาเขตสวรรค์ประชารักษ์
►ส่วนจัดเก็บหนังสือเก่า สปร
บนชั้น
  ขอยืม
3. วิทยาศาสตร์การแพทย์ และสุขภาพ
วิทยาศาสตร์การแพทย์ และสุขภาพ
WA695 น624ร ฉ.3 
  Barcode: 037612
ห้องสมุดวิทยาเขตสวรรค์ประชารักษ์
►ส่วนจัดเก็บหนังสือเก่า สปร
บนชั้น
  ขอยืม

รายการใกล้เคียง
    ผู้แต่ง [นิภาพร จตุพรโภคา]

    หัวเรื่อง [การคุ้มครองผู้บริโภค]
    หัวเรื่อง [ความปลอดภัยในผลิตภัณฑ์]
    หัวเรื่อง [การเลือกซื้อสินค้า]

BibComment


ยังไม่เคยถูกคอมเมนท์

คอมเมนท์ทรัพยากรรายการนี้
  คอมเมนท์: ฉลาดซื้อ รวมผลทด..


 Copyright 2026. Bcnsprnw @Library